Statistics for NBA Basketball Teams Quiz

Click here to take the quiz!

General Stats

  • This quiz has been taken 994,457 times
  • The average score is 22 of 30

Answer Stats

Team % Correct
Los Angeles Lakers
96%
Boston Celtics
90%
Miami Heat
90%
New York Knicks
86%
Los Angeles Clippers
85%
Chicago Bulls
85%
Brooklyn Nets
84%
Golden State Warriors
83%
San Antonio Spurs
82%
Oklahoma City Thunder
80%
Cleveland Cavaliers
79%
Houston Rockets
78%
Dallas Mavericks
76%
Orlando Magic
75%
Philadelphia 76ers
75%
Atlanta Hawks
73%
Toronto Raptors
72%
Phoenix Suns
72%
Utah Jazz
69%
Sacramento Kings
69%
Charlotte Hornets
69%
Indiana Pacers
69%
New Orleans Pelicans
69%
Washington Wizards
68%
Milwaukee Bucks
67%
Portland Trail Blazers
66%
Minnesota Timberwolves
66%
Detroit Pistons
65%
Denver Nuggets
64%
Memphis Grizzlies
60%

Score Distribution

Percentile by Number Answered

Percent of People with Each Score

Your Score History

You have not taken this quiz